Stations de Métro de Marseille (France) - Statistiques

Statistiques générales
  • Ce quiz a été pris 2 758 fois
    2 713 depuis la dernière actualisation
  • Le résultat moyen est 18 sur 29
Statistiques - réponses
Réponse % Correct
Saint Charles
92%
Castellane
90%
Vieux Port - Hotel de Ville
89%
La Rose technopole de Chateau Gombert
85%
Rond Point du Prado
79%
Noailles
75%
Gèze
73%
Joliette
72%
Périer
72%
La Fourragère
71%
Estrangin - prefecture
68%
Sainte Marguerite Dromel
68%
La Timone
66%
Baille
60%
Cinq Avenues Longchamp
59%
Bougainville
58%
Malpassé
58%
Réformès - Canebière
58%
Colbert - Hotel de Region
57%
Saint Just - Hotel du Département
55%
Jules Guesde
53%
La Blancarde
53%
Frais Vallon
51%
Notre Dame du Mont - Cours Julien
49%
Chartreux
48%
Saint Barnabé
45%
National
44%
Désirée Clary
41%
Louis Armand
39%
Aucun quiz correspondant
Distribution des résultats
% des personnes avec chaque résultat
Percentile par nombre de réponses
Votre historique - résultats
Vous n’avez pas pris ce quiz depuis la dernière actualisation